00872 a2200217 4500999001500000010001400015020002300029035001300052037001500065082001300080100003000093245017400123260007000297300003000367500004000397650001300437650003500450700002100485942003300506952011500539 c4439d4439 aENG-86309 a8172148704c300.00 aEN-69842 bDBAD / PUB14a301.09541 aZiegenbalg, Bartholomaeus1 aA German exploration of Indian society :bZiegenbalg's "Malabarian Heathenism" : an annonated English translation with an introduction and a glossary/cby Daniel Jeyaraj aNew DelhibIndian Society for Promoting Christian Knowledgec2006 axiv, 418 p.c24 cm. (Pbk) aIncludes bibliographical references 0aHinduism 0aTamil (Indic people)xReligion1 aJeyaraj, Daniel. adplcEN2ddch301.0954 mJEY 001040718NFICaDBADbDBADeDBAD/PUBg300.00l0o301.0954 JEYpEN-69842r2008-09-15 00:00:00t1v300.00yEN